[Event "Mestre Sheraton op-B 1st"]
[Site "Mestre"]
[Date "2021.02.27"]
[Round "3"]
[White "Donnoli, Giorgio"]
[Black "Crestani, Dario"]
[Result "0-1"]
[WhiteElo "1641"]
[BlackElo "1399"]
[PlyCount "89"]
[EventDate "2021.02.26"]
[EventType "swiss"]
[EventRounds "5"]
[EventCountry "ITA"]
[SourceTitle "EXT 2023"]
[Source "ChessBase"]
[SourceDate "2022.10.05"]
[SourceVersion "1"]
[SourceVersionDate "2022.10.05"]
[SourceQuality "1"]

1. d4 d5 2. c4 Nc6 3. cxd5 Qxd5 4. e3 e5 5. Nc3 Bb4 6. Bd2 Bxc3 7. bxc3 Qd6 8. Bd3 Nf6 9. Ne2 0-0 10. 0-0 a6 11. Ng3 b5 12. Ne4 Nxe4 13. Bxe4 Bd7 14. Rb1 Rad8 15. f4 exd4 16. cxd4 f5 17. Bf3 Ne7 18. Bb4 Qf6 19. Qc1 c6 20. Qa3 Rfe8 21. Bxe7 Qxe7 22. Qxe7 Rxe7 23. Kf2 Be6 24. Rb2 Bd5 25. Bxd5+ Rxd5 26. Rc1 Rc7 27. Rbc2 Rd6 28. Rc5 g6 29. R1c2 Kf7 30. d5 Ke7 31. dxc6 Kd8 32. Ke2 Kc8 33. h3 Kb8 34. g4 Ka7 35. gxf5 gxf5 36. Rxf5 Rdxc6 37. Rxc6 Rxc6 38. Rf7+ Kb6 39. Rxh7 Rc2+ 40. Kf3 Rxa2 41. Rg7 b4 42. f5 b3 43. f6 b2 44. f7 b1Q 45. Rg6+ 0-1